Computer organization and design | . (رقم التسجيلة. 3483)
[ عرض عادي ]
| 000 -الفاتح | |
|---|---|
| حقل البيانات ثابتة الطول | 00809nam a2200229 a 4500 |
| 001 - رقم الضبط | |
| رقم الضبط | 232002245 |
| 003 - محدد رقم الضبط | |
| رقم الضبط | OSt |
| 005 - وقت وتاريخ اخر تعامل مع التسجيلة | |
| رقم الضبط | 20150408113746.0 |
| 008 - عناصر البيانات ثابتة الطول - معلومات عامة | |
| حقل البيانات ثابتة الطول | eng |
| 010 ## - رقم ضبط مكتبة الكونجرس | |
| رقم ضبط مكتبة الكونجرس | 2008026443 |
| 020 ## - الرقم الدولى المعيارى للكتب | |
| الرقم الدولى المعيارى للكتاب | 9780123744937 (pbk. alk. paper) |
| 040 ## - مصدر الفهرسة | |
| وكالة الفهرسة الأصلية | mu |
| لغة الفهرسة | eng |
| وكالة النسخ | mb |
| 082 ## - رقم تصنيف ديوى العشرى | |
| رقم التصنيف | 004.6 |
| 100 ## - المدخل الرئيسى - إسم شخصى | |
| الإسم الشخصى | Patterson, David A.10 |
| 9 (RLIN) | 7737 |
| 245 ## - بيان العنوان | |
| العنوان | Computer organization and design |
| بقية العنوان | the hardware/software interface / |
| بيان المسئوليه,etc | David A. Patterson, John L. Hennessy ; with contributions by Perry Alexander ... [et al.] |
| العنوان | . |
| 260 ## - PUBLICATION, DISTRIBUTION, ETC. (IMPRINT) | |
| مكان الناشر او الموزع | Boston |
| اسم الناشر او الموزع | Elsevier Morgan Kaufmann, |
| تاريخ النشر أو التوزيع | c2009. |
| مكان الناشر او الموزع | 1 |
| 300 ## - الوصف المادى | |
| تفاصيل ماديه اخرى للوعاء | ill. ; |
| أبعاد الوعاء | 24 cm. + |
| المادة المصاحبة | 1 CD-ROM (4 3/4 in.) 0 |
| التعداد | Comp |
| 650 ## - المدخل الاضافى بالموضوع-مصطلح موضوعى | |
| مصطلح موضوعي أو اسم جغرافي كعنصر مدخل | Computer organization |
| 9 (RLIN) | 6091 |
| 650 ## - المدخل الاضافى بالموضوع-مصطلح موضوعى | |
| مصطلح موضوعي أو اسم جغرافي كعنصر مدخل | Computer engineering |
| 9 (RLIN) | 7738 |
| 700 ## - المدخل الاضافى - اسم شخصى | |
| الإسم الشخصى | Hennessy, John L. |
| 9 (RLIN) | 7739 |
| 942 ## - عناصر المدخل الإضافي( كوها) | |
| مصدر التصنيف او مخطط الترفيف | Dewey Decimal Classification |
| Koha [default] item type | كتاب |
| حالة الفقد | نموذج السعر الفعال | حالة تلف | ليس للاعارة | رقم الطلب | تاريخ الاكتساب | الموقع الحالي | الباركود | الفرع الرئيسي | Date last seen | نوع المادة فى نظام كوها | مصدر التصنيف او خطة الترفيف | Total Checkouts | Total Renewals | Date last checked out |
|---|---|---|---|---|---|---|---|---|---|---|---|---|---|---|
| 2013-03-10 | 004.6 P D C | 2011-12-13 | مكتبة مجمع الكليات بالزلفى - طلاب (SZM) | 00012475 | مكتبة مجمع الكليات بالزلفى - طلاب (SZM) | 2013-03-10 | كتاب | Dewey Decimal Classification | ||||||
| 2013-03-10 | 004.6 P D C | 2011-12-13 | مكتبة مجمع الكليات بالزلفى - طلاب (SZM) | 00012476 | مكتبة مجمع الكليات بالزلفى - طلاب (SZM) | 2013-03-10 | كتاب | Dewey Decimal Classification | 1 | 1 | 2012-09-29 | |||
| 2013-03-10 | 004.6 P D C | 2011-12-13 | مكتبة مجمع الكليات بالزلفى - طلاب (SZM) | 00075081 | مكتبة مجمع الكليات بالزلفى - طلاب (SZM) | 2015-11-12 | كتاب | Dewey Decimal Classification | 1 | 6 | 2013-09-08 |
